[Event "RUS-ch Higher League (Women) 65th"]
[Site "Tiumen"]
[Date "2012.06.20"]
[Round "5"]
[White "Adamova, Tuyaara"]
[Black "Dotdaeva, Aminat"]
[Result "0-1"]
[WhiteElo "1914"]
[BlackElo "2139"]
[PlyCount "102"]
[EventDate "2012.06.16"]
[EventType "swiss"]
[EventRounds "11"]
[EventCountry "RUS"]
[SourceTitle "CBM 149 Extra"]
[Source "ChessBase"]
[SourceDate "2012.08.24"]
[SourceVersion "1"]
[SourceVersionDate "2012.08.24"]
[SourceQuality "1"]

1. e4 c5 2. Nf3 Nc6 3. d4 cxd4 4. Nxd4 Nf6 5. Nc3 e5 6. Ndb5 d6 7. Bg5 a6 8. Na3 b5 9. Nd5 Be7 10. Nxe7 Qxe7 11. f3 0-0 12. c4 b4 13. Nc2 h6 14. Bh4 Qe6 15. Qd2 Rb8 16. b3 a5 17. Be2 Ne7 18. Rd1 Rd8 19. 0-0 Ng6 20. Bxf6 Qxf6 21. c5 Nf4 22. c6 Rb6 23. c7 Rd7 24. Ne3 Rxc7 25. Nc4 Rbc6 26. Rc1 Qg5 27. Kf2 Qxg2+ 28. Ke1 Qxh2 29. Rc2 Qxe2+ 30. Qxe2 Nxe2 31. Kxe2 Ba6 32. Rfc1 a4 33. Kd2 axb3 34. axb3 Bxc4 35. bxc4 b3 36. Rb2 Rxc4 37. Rxc4 Rxc4 38. Rxb3 Rd4+ 39. Ke3 g6 40. Rb1 Kg7 41. Rh1 d5 42. exd5 Rxd5 43. Rc1 f5 44. Rc6 h5 45. Re6 Kh6 46. Kf2 Kg5 47. Kg3 h4+ 48. Kh3 Rd3 49. Kg2 h3+ 50. Kxh3 Rxf3+ 51. Kg2 e4 0-1

[Event "RUS-ch Higher League (Women) 65th"]
[Site "Tiumen"]
[Date "2012.06.19"]
[Round "4"]
[White "Manina, Ksenia"]
[Black "Adamova, Tuyaara"]
[Result "0-1"]
[WhiteElo "1987"]
[BlackElo "1914"]
[PlyCount "72"]
[EventDate "2012.06.16"]
[EventType "swiss"]
[EventRounds "11"]
[EventCountry "RUS"]
[SourceTitle "CBM 149 Extra"]
[Source "ChessBase"]
[SourceDate "2012.08.24"]
[SourceVersion "1"]
[SourceVersionDate "2012.08.24"]
[SourceQuality "1"]

1. e4 c5 2. Nf3 e6 3. d4 cxd4 4. Nxd4 Nc6 5. g3 d6 6. Bg2 Bd7 7. 0-0 a6 8. c4 Nf6 9. b3 Be7 10. Bb2 Qc7 11. Nc3 0-0 12. Nxc6 Bxc6 13. Qe2 Rad8 14. f4 Rfe8 15. g4 Nd7 16. Kh1 Bf8 17. Rad1 Nc5 18. b4 Na4 19. Nxa4 Bxa4 20. Rc1 Qd7 21. Qf3 Rc8 22. f5 exf5 23. gxf5 f6 24. Qd3 Kh8 25. Rf2 b5 26. c5 Qa7 27. e5 dxe5 28. Be4 Red8 29. Qe2 Qf7 30. Bc3 Rc7 31. Rg1 Rcd7 32. Qf3 Rd1 33. Rxd1 Bxd1 34. Qg3 Qc4 35. Bb1 Bh5 36. Rd2 Qf1+ 0-1

[Event "Moscow op U26"]
[Site "Moscow"]
[Date "2012.02.05"]
[Round "9"]
[White "Grebennikova, Tatyana"]
[Black "Adamova, Tuyaara"]
[Result "1/2-1/2"]
[WhiteElo "2010"]
[BlackElo "1834"]
[PlyCount "136"]
[EventDate "2012.01.28"]
[EventType "swiss"]
[EventRounds "9"]
[EventCountry "RUS"]
[SourceTitle "EXT 2013"]
[Source "ChessBase"]
[SourceDate "2012.11.22"]
[SourceVersion "1"]
[SourceVersionDate "2012.11.22"]
[SourceQuality "1"]

1. c4 e5 2. Nc3 Nf6 3. g3 c6 4. Nf3 e4 5. Nd4 d5 6. cxd5 Qb6 7. Nb3 cxd5 8. Bg2 Bf5 9. d3 Bb4 10. 0-0 Bxc3 11. bxc3 0-0 12. Be3 Qc7 13. Nd4 Bg6 14. Qd2 Nc6 15. Nxc6 Qxc6 16. f3 Rfe8 17. Bd4 Nd7 18. fxe4 dxe4 19. Rab1 Nc5 20. Bxc5 Qxc5+ 21. d4 Qe7 22. e3 Rac8 23. Rfc1 Red8 24. c4 b6 25. Rb5 Rc6 26. Qb2 Qc7 27. Bf1 a6 28. Rb4 b5 29. c5 h5 30. a4 bxa4 31. Rxa4 Ra8 32. Rca1 a5 33. Qd2 Rd8 34. Qxa5 Qe7 35. Qe1 Bf5 36. Ra8 Rxa8 37. Rxa8+ Kh7 38. Ra6 Rxa6 39. Bxa6 Qa7 40. Be2 g6 41. Qd2 Qa3 42. Kg2 Bd7 43. Kf2 Kg7 44. Qc2 Qa8 45. Qb2 Qd5 46. Qb8 Kf6 47. Qf4+ Ke7 48. Qh4+ Ke8 49. g4 hxg4 50. Bxg4 Bb5 51. Be2 Qa2 52. Qxe4+ Kf8 53. Qf3 Bc4 54. e4 Qb2 55. Qe3 Bxe2 56. Qxe2 Qxd4+ 57. Qe3 Qb2+ 58. Kg3 Qe5+ 59. Kg2 Qb2+ 60. Kh3 Qh8+ 61. Kg2 Qb2+ 62. Qf2 Qe5 63. Qc2 Ke7 64. Kf3 Qc7 65. h3 Qc8 66. Kg3 Qc7+ 67. Kg4 Qc8+ 68. Kh4 Qh8+ 1/2-1/2

[Event "Moscow op U26"]
[Site "Moscow"]
[Date "2012.02.04"]
[Round "8"]
[White "Adamova, Tuyaara"]
[Black "Vekerchuk, Maxim"]
[Result "1/2-1/2"]
[WhiteElo "1834"]
[BlackElo "2051"]
[PlyCount "122"]
[EventDate "2012.01.28"]
[EventType "swiss"]
[EventRounds "9"]
[EventCountry "RUS"]
[SourceTitle "EXT 2013"]
[Source "ChessBase"]
[SourceDate "2012.11.22"]
[SourceVersion "1"]
[SourceVersionDate "2012.11.22"]
[SourceQuality "1"]

1. e4 c6 2. d4 d5 3. Nc3 dxe4 4. Nxe4 Nd7 5. Nf3 Ngf6 6. Ng3 g6 7. Bc4 Nd5 8. h4 h5 9. c3 N7b6 10. Bb3 Bg4 11. Qd3 Bg7 12. Ng5 Qc7 13. Qe4 e6 14. 0-0 0-0-0 15. a4 a5 16. Bd1 Bxd1 17. Rxd1 Rhe8 18. Qf3 f5 19. Nh3 e5 20. Bg5 e4 21. Bxd8 Qxd8 22. Qe2 Qxh4 23. c4 Nb4 24. d5 c5 25. Qe3 Nd7 26. Rab1 b6 27. Qf4 Qe7 28. Qg5 h4 29. Ne2 Qd6 30. Nhf4 Be5 31. Qxg6 Qxg6 32. Nxg6 h3 33. Nxe5 Nxe5 34. Nf4 hxg2 35. Kxg2 Rg8+ 36. Kf1 Nxc4 37. d6 Kd7 38. Ke2 Ne5 39. Rh1 Nbc6 40. Rh7+ Kxd6 41. Rh6+ Kd7 42. Rh7+ Kc8 43. Nd5 Nd4+ 44. Kd2 Rd8 45. Nxb6+ Kb8 46. Ke3 Rd6 47. Rg1 Ng4+ 48. Rxg4 fxg4 49. Nd7+ Ka7 50. Nxc5+ Kb6 51. Nxe4 Nc2+ 52. Kf4 Rd4 53. Rh6+ Ka7 54. b3 Na1 55. Ke5 Nxb3 56. Nc5 Rb4 57. Ra6+ Kb8 58. Nxb3 Rxb3 59. Rxa5 Rf3 60. Ke4 Rxf2 61. Rg5 Ra2 1/2-1/2

[Event "Moscow op U26"]
[Site "Moscow"]
[Date "2012.02.01"]
[Round "5"]
[White "Sadykov, Ramil"]
[Black "Adamova, Tuyaara"]
[Result "1-0"]
[WhiteElo "2214"]
[BlackElo "1834"]
[PlyCount "63"]
[EventDate "2012.01.28"]
[EventType "swiss"]
[EventRounds "9"]
[EventCountry "RUS"]
[SourceTitle "EXT 2013"]
[Source "ChessBase"]
[SourceDate "2012.11.22"]
[SourceVersion "1"]
[SourceVersionDate "2012.11.22"]
[SourceQuality "1"]

1. e4 c5 2. Nf3 Nc6 3. Bb5 e6 4. Bxc6 bxc6 5. b3 d5 6. Qe2 Nf6 7. e5 Nd7 8. d3 Be7 9. c4 0-0 10. Bb2 a5 11. a4 Nb8 12. 0-0 Na6 13. Nbd2 Nb4 14. Rfd1 Qb6 15. Nf1 f5 16. exf6 Bxf6 17. Ne5 Qc7 18. f4 Rb8 19. Bc3 g6 20. Nd2 d4 21. Bxb4 Rxb4 22. Rf1 Bg7 23. Rae1 Rf5 24. g4 Rf8 25. Rf3 Bh6 26. Ref1 Rb6 27. h4 Qe7 28. Kg2 Kh8 29. Qe4 Qe8 30. h5 gxh5 31. Rh3 Rg8 32. Rfh1 1-0

[Event "Moscow op U26"]
[Site "Moscow"]
[Date "2012.01.31"]
[Round "4"]
[White "Adamova, Tuyaara"]
[Black "Yarullina, Alina"]
[Result "1-0"]
[WhiteElo "1834"]
[BlackElo "2109"]
[PlyCount "123"]
[EventDate "2012.01.28"]
[EventType "swiss"]
[EventRounds "9"]
[EventCountry "RUS"]
[SourceTitle "EXT 2013"]
[Source "ChessBase"]
[SourceDate "2012.11.22"]
[SourceVersion "1"]
[SourceVersionDate "2012.11.22"]
[SourceQuality "1"]

1. e4 c5 2. Nc3 Nc6 3. f4 g6 4. Nf3 Bg7 5. Bc4 e6 6. 0-0 Nge7 7. Qe1 0-0 8. d3 d5 9. Bb3 a6 10. a4 Nd4 11. Nxd4 Bxd4+ 12. Kh1 Bg7 13. Qg3 Kh8 14. Qf3 d4 15. Nd1 Bd7 16. Nf2 b5 17. axb5 axb5 18. Bd2 Bc6 19. Qh3 Qd7 20. Qh4 f5 21. Nh3 Bf6 22. Ng5 Bxg5 23. Qxg5 Ng8 24. exf5 Rxf5 25. Qg3 Nf6 26. Rxa8+ Bxa8 27. Ra1 Bb7 28. Qe1 Qc6 29. Qe2 Nd5 30. Re1 Nc7 31. Rg1 Kg8 32. h3 Rf8 33. Kh2 Nd5 34. Re1 Bc8 35. Qe4 c4 36. dxc4 bxc4 37. Ba2 Qc7 38. g3 Qc5 39. c3 dxc3 40. bxc3 Nf6 41. Qe2 Rd8 42. Be3 Qf5 43. Bxc4 Kg7 44. Qg2 Qa5 45. Qc2 Qh5 46. Be2 Qa5 47. Rb1 Nd5 48. Bd4+ Kg8 49. Qb2 h5 50. Ra1 Qc7 51. Ra7 Qd6 52. Rg7+ Kf8 53. Rxg6 h4 54. Qd2 hxg3+ 55. Kxg3 Ne7 56. Rf6+ Ke8 57. Bb5+ Bd7 58. Qe2 Bxb5 59. Qxb5+ Rd7 60. Qh5+ Kd8 61. Rf8+ Kc7 62. Be5 1-0

[Event "Moscow op U26"]
[Site "Moscow"]
[Date "2012.01.29"]
[Round "2"]
[White "Adamova, Tuyaara"]
[Black "Gutenev, Alexander"]
[Result "0-1"]
[WhiteElo "1834"]
[BlackElo "2339"]
[PlyCount "78"]
[EventDate "2012.01.28"]
[EventType "swiss"]
[EventRounds "9"]
[EventCountry "RUS"]
[SourceTitle "EXT 2013"]
[Source "ChessBase"]
[SourceDate "2012.11.22"]
[SourceVersion "1"]
[SourceVersionDate "2012.11.22"]
[SourceQuality "1"]

1. e4 c5 2. Nf3 Nc6 3. c3 Nf6 4. d3 d6 5. Be2 g6 6. 0-0 Bg7 7. Bg5 h6 8. Be3 0-0 9. h3 b6 10. Nbd2 e5 11. d4 exd4 12. cxd4 Re8 13. d5 Ne7 14. Qc2 g5 15. Ne1 Ng6 16. a4 Qe7 17. f3 Nxd5 18. Bf2 Nb4 19. Qc1 Nf4 20. Bc4 Bd7 21. Be3 Qe5 22. Nb3 d5 23. Bxf4 Qxf4 24. Qxf4 gxf4 25. exd5 Bxb2 26. Rb1 Bf6 27. a5 b5 28. Bd3 c4 29. Be4 cxb3 30. Rxb3 Bd4+ 31. Kh2 Bc5 32. Nd3 Nxd3 33. Bxd3 Re3 34. Rfb1 a6 35. Rc1 Bd6 36. Rd1 Rc8 37. Rbb1 Kg7 38. Rd2 Rc3 39. Bf1 Ra3 0-1

[Event "RUS-ch (Women) 1st League 61st"]
[Site "Ivanovo"]
[Date "2011.02.28"]
[Round "8"]
[White "Adamova, Tuyaara"]
[Black "Galimzianova, Aliya"]
[Result "1-0"]
[WhiteElo "1812"]
[BlackElo "1929"]
[PlyCount "67"]
[EventDate "2011.02.21"]
[EventType "swiss"]
[EventRounds "9"]
[EventCountry "RUS"]
[SourceTitle "CBM 141 Extra"]
[Source "ChessBase"]
[SourceDate "2011.05.03"]
[SourceVersion "1"]
[SourceVersionDate "2011.05.03"]
[SourceQuality "1"]

1. e4 e6 2. d4 d5 3. Nd2 Nf6 4. Bd3 c5 5. dxc5 Bxc5 6. Ngf3 dxe4 7. Bxe4 0-0 8. 0-0 Qc7 9. Qe2 Nc6 10. c3 Bd7 11. Bc2 e5 12. Ne4 Be7 13. Bg5 Nd5 14. Rad1 Be6 15. Bxe7 Qxe7 16. Neg5 Nf4 17. Qb5 h6 18. Nxe6 Qxe6 19. h3 e4 20. Rfe1 Qg6 21. Nh4 Qf6 22. Rxe4 Qxh4 23. Qf5 Nxh3+ 24. gxh3 Qg5+ 25. Qxg5 hxg5 26. Rd7 b6 27. Ba4 Nd8 28. Bb3 Nc6 29. Bd5 Rfc8 30. Rd6 Na5 31. Bxa8 Rxa8 32. b4 Nb7 33. Rd7 Nd8 34. Re8+ 1-0

[Event "RUS-ch (Women) 1st League 61st"]
[Site "Ivanovo"]
[Date "2011.02.27"]
[Round "7"]
[White "Adamova, Tuyaara"]
[Black "Lezhepekova, Veronika"]
[Result "0-1"]
[WhiteElo "1812"]
[BlackElo "2117"]
[PlyCount "72"]
[EventDate "2011.02.21"]
[EventType "swiss"]
[EventRounds "9"]
[EventCountry "RUS"]
[SourceTitle "CBM 141 Extra"]
[Source "ChessBase"]
[SourceDate "2011.05.03"]
[SourceVersion "1"]
[SourceVersionDate "2011.05.03"]
[SourceQuality "1"]

1. e4 c5 2. Nc3 Nc6 3. f4 g6 4. Nf3 Bg7 5. Bc4 e6 6. 0-0 Nge7 7. e5 d5 8. exd6 Nf5 9. d3 Nxd6 10. Bb3 0-0 11. Ne4 b6 12. Nxd6 Qxd6 13. Qe1 Bb7 14. Kh1 a5 15. a3 Nd4 16. Nxd4 cxd4 17. a4 Rac8 18. Bc4 Rc5 19. b3 Rf5 20. Qg3 Qc6 21. Ba3 Rc8 22. Rae1 Bf6 23. Re2 h5 24. Rfe1 Kg7 25. h3 Qc7 26. Bc1 Qd8 27. Rf1 Bh4 28. Qh2 g5 29. Kg1 g4 30. hxg4 hxg4 31. g3 Bf6 32. Kf2 Qd6 33. Ke1 Rh8 34. Qf2 Bf3 35. Rd2 Rfh5 36. Bb2 Rh1 0-1

[Event "RUS-ch (Women) 1st League 61st"]
[Site "Ivanovo"]
[Date "2011.02.22"]
[Round "2"]
[White "Adamova, Tuyaara"]
[Black "Malinicheva, Lidia"]
[Result "1/2-1/2"]
[WhiteElo "1812"]
[BlackElo "2015"]
[PlyCount "142"]
[EventDate "2011.02.21"]
[EventType "swiss"]
[EventRounds "9"]
[EventCountry "RUS"]
[SourceTitle "CBM 141 Extra"]
[Source "ChessBase"]
[SourceDate "2011.05.03"]
[SourceVersion "1"]
[SourceVersionDate "2011.05.03"]
[SourceQuality "1"]

1. e4 c5 2. Nc3 Nc6 3. f4 g6 4. Nf3 Bg7 5. Bc4 e6 6. 0-0 Na5 7. Bb3 a6 8. d3 Ne7 9. Qe1 Nxb3 10. axb3 d5 11. Qh4 d4 12. Ne2 Nc6 13. Qxd8+ Nxd8 14. Ng3 f6 15. e5 f5 16. b4 b6 17. bxc5 bxc5 18. c3 dxc3 19. bxc3 Bf8 20. Be3 h5 21. Rfb1 h4 22. Ne2 h3 23. g3 Bb7 24. Ng5 Kd7 25. Nf7 Rh7 26. Nxd8 Kxd8 27. Rb6 Rd7 28. d4 Bd5 29. dxc5 Rc8 30. c6 Bxc6 31. Nd4 Bd5 32. Nxe6+ Bxe6 33. Rxe6 Rd3 34. Bd4 a5 35. Rxg6 a4 36. Rg8 Ke7 37. Rh8 a3 38. Rxh3 Ke6 39. Rh8 Kd7 40. e6+ Kxe6 41. Rxa3 Rxd4 42. Ra6+ Rd6 43. Rxd6+ Kxd6 44. Kf2 Kd5 45. c4+ Ke4 46. Kg2 Ra8 47. Kh3 Kf3 48. c5 Ra6 49. Rh7 Bxc5 50. Kh4 Ra2 51. Kg5 Ke4 52. Rf7 Rxh2 53. Rxf5 Be7+ 54. Kg4 Bd6 55. Rf6 Bb4 56. Re6+ Kd5 57. Re5+ Kd6 58. Kg5 Rh8 59. g4 Rg8+ 60. Kf5 Rf8+ 61. Ke4 Bc3 62. Rd5+ Kc6 63. Rd1 Kc5 64. g5 Re8+ 65. Kf3 Bd4 66. Kg4 Kd5 67. g6 Re2 68. Kf5 Rg2 69. Rb1 Kd6 70. Rd1 Kd5 71. Rb1 Kd6 1/2-1/2

[Event "RUS-chB U18"]
[Site "Dagomys"]
[Date "2009.04.21"]
[Round "7"]
[White "Ismatulaeva, Elmira"]
[Black "Adamova, Tuyaara"]
[Result "1-0"]
[WhiteElo "1979"]
[BlackElo "1853"]
[PlyCount "75"]
[EventDate "2009.04.15"]
[EventType "swiss"]
[EventRounds "9"]
[EventCountry "RUS"]
[SourceTitle "EXT 2010"]
[Source "ChessBase"]
[SourceDate "2010.11.25"]
[SourceVersion "1"]
[SourceVersionDate "2010.11.25"]
[SourceQuality "1"]

1. Nf3 Nf6 2. c4 e6 3. g3 d5 4. cxd5 exd5 5. d4 Bd6 6. Bg2 c6 7. 0-0 0-0 8. Nc3 Bf5 9. Nh4 Bg4 10. f3 Bh5 11. Qb3 Qb6 12. Qxb6 axb6 13. e4 dxe4 14. fxe4 Bc7 15. e5 Nfd7 16. Nf5 Na6 17. a3 b5 18. Be3 Nb6 19. b3 Rfe8 20. Ne4 Nc8 21. Nh6+ Kh8 22. Nxf7+ Kg8 23. Nh6+ Kh8 24. Nf5 Bg6 25. Nh4 Bxe4 26. Bxe4 Ne7 27. Rf7 Nb4 28. Raf1 Nbd5 29. Bh6 Rg8 30. Nf5 Nxf5 31. R1xf5 Bb6 32. Rh5 Bxd4+ 33. Kh1 Nc3 34. Bd3 Rge8 35. Bxg7+ Kg8 36. Rxb7 h6 37. Rxh6 Ra7 38. Bh7# 1-0